000 01086nam0a22002531 4500
001 rc\2968330
005 20110906140634.7
035 _a(NLR Aleph) 007114637
090 _a6803157
_c6803157
100 _a20071203d1933 |||y0rusy50 ca
101 1 _arus
_cger
102 _aRU
105 _aa z ||||y
200 1 _aСверление фанеры и клееных щитов
_fинж. Фриц Гетцель
_gРед. и доп. пер. с нем. инж. С.А. Воскресенского и инж. Ф.М. Манжос
_gНаркомлес СССР. Центр. науч-иссл. ин-т механич. обработки дерева
210 _aМосква
_cГослестехиздат
_d1933
_e[Калуга]
_gтип. Мособлполиграфа
215 _a40 с., 1 с. на обл.
_cил.
_d22х15 см
700 1 _aГетцель
_bФ.
_gФриц
702 1 _aВоскресенский
_bС. А.
_4340
702 1 _aМанжос
_bФ. М.
_4340
801 0 _aRU
_bNLR
_gpsbo
801 1 _aRU
_bELAR
_2rusmarc
852 _aNLR
_j33-10/1491
942 _cBOOK
980 _aNB